[Event "TUR-chT2"]
[Site "Konya"]
[Date "2017.07.13"]
[Round "7.7"]
[White "Sabahi, Ali Can"]
[Black "Akkus, Suat"]
[Result "1-0"]
[WhiteElo "1879"]
[BlackElo "2010"]
[PlyCount "103"]
[EventDate "2017.07.09"]
[EventType "team-swiss"]
[EventRounds "9"]
[EventCountry "TUR"]
[SourceTitle "CBM 179 Extra"]
[Source "ChessBase"]
[SourceDate "2017.08.23"]
[SourceVersion "1"]
[SourceVersionDate "2017.08.23"]
[SourceQuality "1"]
[WhiteTeam "Hamle Adana"]
[BlackTeam "Onay"]
[WhiteTeamCountry "TUR"]
[BlackTeamCountry "TUR"]

1. e4 c5 2. c3 d6 3. d4 cxd4 4. cxd4 g6 5. Nc3 Bg7 6. Be3 Nh6 7. h3 f5 8. Qd2 Nf7 9. Nf3 0-0 10. Bd3 fxe4 11. Bxe4 Nc6 12. 0-0 Kh8 13. Rad1 Qa5 14. d5 Nce5 15. Bd4 Nxf3+ 16. Bxf3 Ne5 17. Be4 Bf5 18. Bxf5 Rxf5 19. f4 Nd7 20. Bxg7+ Kxg7 21. Qe2 Re8 22. g4 Rff8 23. Rf3 Nc5 24. Qd2 Qb4 25. Re1 e5 26. dxe6 Rxe6 27. a3 Rxe1+ 28. Qxe1 Qxb2 29. f5 gxf5 30. gxf5 Kf7 31. Kh1 Rg8 32. Rf2 Qb6 33. Qe2 Qc6+ 34. Kh2 d5 35. Qh5+ Kf8 36. f6 Qd6+ 37. Kh1 Rg6 38. Qxh7 Rxf6 39. Qh6+ Kf7 40. Qh5+ Kf8 41. Qh8+ Kf7 42. Qh7+ Kf8 43. Qg6 Nd7 44. Kg1 Qc5 45. Qh6+ Kg8 46. Qg5+ Kh7 47. Qh5+ Kg7 48. Nd1 Qd4 49. Qe2 Ne5 50. Ne3 Rg6+ 51. Kh2 Z0 52. Nf5+ 1-0

[Event "TUR-chT2"]
[Site "Konya"]
[Date "2017.07.11"]
[Round "4.9"]
[White "Akkus, Suat"]
[Black "Alaca, Ali"]
[Result "1/2-1/2"]
[WhiteElo "2010"]
[BlackElo "1971"]
[PlyCount "87"]
[EventDate "2017.07.09"]
[EventType "team-swiss"]
[EventRounds "9"]
[EventCountry "TUR"]
[SourceTitle "CBM 179 Extra"]
[Source "ChessBase"]
[SourceDate "2017.08.23"]
[SourceVersion "1"]
[SourceVersionDate "2017.08.23"]
[SourceQuality "1"]
[WhiteTeam "Onay"]
[BlackTeam "Genclik Il Mudurlugu"]
[WhiteTeamCountry "TUR"]
[BlackTeamCountry "TUR"]

1. d4 Nf6 2. c4 e6 3. Nc3 Bb4 4. Nf3 c5 5. e3 0-0 6. Bd3 Nc6 7. 0-0 Bxc3 8. bxc3 d6 9. e4 e5 10. d5 Ne7 11. Ne1 Ng6 12. h3 h6 13. Kh2 Qe7 14. Qe2 Nh7 15. g4 Nf4 16. Bxf4 exf4 17. Nf3 Ng5 18. Nxg5 hxg5 19. f3 Qe5 20. Rac1 g6 21. Kg2 Kg7 22. Rh1 Rh8 23. Qb2 b6 24. Qb5 Qe7 25. Rhe1 f6 26. Qb1 Bd7 27. e5 fxe5 28. Bxg6 Qf6 29. Be4 Qh6 30. Rh1 Qh4 31. Rcg1 Rab8 32. Qe1 Qh6 33. h4 gxh4 34. Rh3 Qg5 35. Rgh1 Rh6 36. Rxh4 Rbh8 37. Rxh6 Rxh6 38. Rxh6 Qxh6 39. Qh1 Qxh1+ 40. Kxh1 Be8 41. Kg2 Bg6 42. Bxg6 Kxg6 43. Kf2 Kg5 44. Ke2 1/2-1/2